LEADER 00813nam0-22003011i-450- 001 990003036540403321 035 $a000303654 035 $aFED01000303654 035 $a(Aleph)000303654FED01 035 $a000303654 100 $a20000920d1967----km-y0itay50------ba 101 0 $aENG 102 $aIT 200 1 $aContinuities in the Study of Social Conflict$fLewis A. Coser. 210 $aNew York$cFree Press$d1967. 215 $ax, 272 p.$d22 cm 610 0 $aConflitto sociale 676 $a12350 676 $a20120 702 1$aCoser,$bLewis A.$f<1913- > 801 0$aIT$bUNINA$gRICA$2UNIMARC 901 $aBK 912 $a990003036540403321 952 $a12350 COS$b2122/I$fSES 959 $aSES 996 $aContinuities in the Study of Social Conflict$9463652 997 $aUNINA DB $aING01 LEADER 03444oam 2200757 a 450 001 9910957406903321 005 20250515133813.0 010 $a1-283-12099-2 010 $a9786613120991 010 $a90-04-20273-0 024 7 $a10.1163/ej.9789004202726.i-220 035 $a(CKB)2670000000093538 035 $a(EBL)717633 035 $a(OCoLC)729872737 035 $a(SSID)ssj0000502693 035 $a(PQKBManifestationID)12212209 035 $a(PQKBTitleCode)TC0000502693 035 $a(PQKBWorkID)10527344 035 $a(PQKB)11036259 035 $a(MiAaPQ)EBC717633 035 $a(OCoLC)698029431 035 $a(nllekb)BRILL9789004202733 035 $a(Au-PeEL)EBL717633 035 $a(CaPaEBR)ebr10470634 035 $a(CaONFJC)MIL312099 035 $a(PPN)174393180 035 $a(EXLCZ)992670000000093538 100 $a20110120d2011 uy 0 101 0 $aeng 135 $aur|n||||||||| 181 $ctxt$2rdacontent 182 $cc$2rdamedia 183 $acr$2rdacarrier 200 10$aHistory and chronicles in late medieval Iberia $erepresentations of Wamba in late medieval narrative histories /$fAengus Ward 210 1$aLeiden ;$aBoston :$cBrill,$d2011. 215 $a1 online resource (viii, 220 pages) $cillustrations 225 1 $aLater medieval Europe,$x1872-7875 ;$vv. 7 311 0 $a90-04-20272-2 320 $aIncludes bibliographical references and index. 327 $tPreliminary Material /$rA. Ward --$tIntroduction /$rA. Ward --$tChapter One. Context Of Composition: Wamba In Context(S) /$rA. Ward --$tChapter Two. Wamba In History, The History Of Wamba. I. Narration And Compilation /$rA. Ward --$tChapter Three. Wamba In History, The History Of Wamba. II. The Detail Of History /$rA. Ward --$tChapter Four. History In The Making: Text, Context And The Dynamics Of Medieval Chronicles /$rA. Ward --$tBibliography /$rA. Ward --$tIndex /$rA. Ward. 330 $aThe late medieval period in Iberia saw an explosion in the writing of narrative histories. In examining eighteen different, if related, accounts of the reign of the Visigothic king Wamba (r. 671-680) this book aims to analyse the nature of the discourse of the late medieval Iberian chronicle. By means of a detailed analysis of the content and narrative techniques of the chronicles concerned, the book seeks to address the question: to what extent is it possible to speak of a genre of late medieval Iberian chronicles? 410 0$aLater medieval Europe ;$v7. 606 $aVisigoths$zSpain$xHistoriography 606 $aVisigoths$zPortugal$xHistoriography 606 $aVisigots$2thub 606 $aDominació visigòtica, Espanya, 414-711$2thub 606 $aHistoriografia$2thub 607 $aSpain$xHistory$yGothic period, 414-711$xHistoriography 607 $aPortugal$xHistory$yGothic period, 414-711$xHistoriography 607 $aEspanya$2thub 607 $aPortugal$2thub 608 $aLlibres electrònics$2thub 615 0$aVisigoths$xHistoriography. 615 0$aVisigoths$xHistoriography. 615 7$aVisigots 615 7$aDominació visigòtica, Espanya, 414-711 615 7$aHistoriografia 676 $a946/.01 700 $aWard$b Aengus$01818044 801 0$bMiAaPQ 801 1$bMiAaPQ 801 2$bMiAaPQ 906 $aBOOK 912 $a9910957406903321 996 $aHistory and chronicles in late medieval Iberia$94376980 997 $aUNINA